[Event "TCh-HUN 2010-11"]
[Site "Budapest HUN"]
[Date "2011.03.27"]
[Round "7"]
[White "Hoang Thanh Trang"]
[Black "Balog,I1"]
[Result "1/2-1/2"]
[WhiteElo "2482"]
[BlackElo "2513"]

1.d4 g6 2.e4 Bg7 3.Nc3 d6 4.f4 Nd7 5.Nf3 e5 6.dxe5 dxe5 7.fxe5 Nxe5 8.Qxd8+ Kxd8
9.Bg5+ Ke8 10.Nd5 Nxf3+ 11.gxf3 Bxb2 12.Rb1 Be5 13.f4 c6 14.fxe5 cxd5 15.exd5 h6
16.Bd2 b6 17.Bb5+ Bd7 18.Bxd7+ Kxd7 19.O-O Rh7 20.Rxf7+ Rxf7 21.e6+ Ke8 22.exf7+ Kxf7
23.Rf1+ Ke8 24.Bb4 Rc8 25.Rf8+ Kd7 26.Rf7+ Ke8 27.Rxa7 Rxc2 28.Ra8+ Kf7 29.Rf8+ Kg7
30.Rf3 g5 31.Bc3+ Kg6 32.d6 Rc1+ 33.Kg2 Rd1 34.Rf8 Rxd6 35.Rxg8+ Kh5 36.Rf8 Rc6
37.Bd4 b5 38.Rf2 Rc4 39.Rd2 Kg6 40.Bf2 Ra4 41.Rb2 Kh5 42.Bc5 Rc4 43.Bf2 Ra4
44.Kf3 Ra3+ 45.Ke4 Kg4 46.Bc5 Ra6 47.a3 Kh3 48.Rxb5 Kxh2 49.Rb6 Ra4+ 50.Bb4 h5
51.Rb5 h4 52.Rxg5 h3 53.Kf3 Ra6 54.Rh5 Rf6+ 55.Kg4 Rg6+ 56.Kf5 Rc6 57.Ke5 Kg2
58.Bd6 Ra6 59.Rg5+ Kf1 60.Rf5+ Kg2 61.Rg5+ Kf1 62.Kd5 Rxa3  1/2-1/2

[Event "1st Evgen Zaveriukha Mem"]
[Site "Lviv UKR"]
[Date "2011.04.02"]
[Round "6.2"]
[White "Khrinovskyi,Oleksiy"]
[Black "Davymuka,Roman"]
[Result "1/2-1/2"]
[WhiteElo "2106"]
[BlackElo "2138"]

1.e4 g6 2.d4 Bg7 3.Nc3 d6 4.f4 Nf6 5.Nf3 O-O 6.Be3 Bg4 7.h3 Bxf3 8.Qxf3 Nc6
9.O-O-O e6 10.g4 a6 11.h4 h5 12.g5 Ng4 13.Bg1 f6 14.Qg3 f5  1/2-1/2

[Event "Telin International Open"]
[Site "Jakarta INA"]
[Date "2011.04.03"]
[Round "4.17"]
[White "Pitra,Andika"]
[Black "Lindiawati,E"]
[Result "1-0"]
[WhiteElo "2303"]
[BlackElo "2107"]

1.e4 d6 2.d4 g6 3.Nc3 Bg7 4.Be3 c6 5.Qd2 Nd7 6.h4 h5 7.Nh3 Ngf6 8.f3 b5 9.O-O-O Bb7
10.Ng5 Qa5 11.Kb1 Qc7 12.g3 a5 13.Bh3 Nb6 14.e5 Nc4 15.Qd3 Nd5 16.Nxd5 cxd5
17.Be6 Nxe3 18.Bxf7+ Kd7 19.Qxe3 dxe5 20.Ne6 exd4 21.Qd3 Qc4 22.Qxg6 Bf6
23.Qf5 Kd6 24.Nf4 Rae8 25.Nxh5 Rhf8 26.Nxf6  1-0

[Event "Karposh Open"]
[Site "Skopje MKD"]
[Date "2011.04.04"]
[Round "4"]
[White "Todorovic,GM"]
[Black "Skoberne,J"]
[Result "1/2-1/2"]
[WhiteElo "2473"]
[BlackElo "2553"]

1.e4 d6 2.d4 g6 3.Nc3 Bg7 4.Bc4 a6 5.Nf3 e6 6.Bb3 Nd7 7.Bf4 b5 8.a3 Bb7 9.Qe2 Ne7
10.Rd1 h6 11.h4 Nf6 12.Bh2 O-O 13.e5 Nfd5 14.Ne4 Nf5 15.h5 Nh4 16.O-O  1/2-1/2

[Event "11th European Senior"]
[Site "Courmayeur ITA"]
[Date "2011.04.06"]
[Round "1.44"]
[White "Cesati Cassin,Giorgio"]
[Black "Muratoglu,S"]
[Result "0-1"]
[WhiteElo "1595"]
[BlackElo "2076"]

1.e4 d6 2.d4 g6 3.Nc3 Bg7 4.f4 Nc6 5.Nf3 Bg4 6.Be3 Nf6 7.e5 dxe5 8.fxe5 Nd5
9.Nxd5 Qxd5 10.Be2 Rd8 11.c3 Qb5 12.O-O O-O 13.Qd2 Bxf3 14.Bxf3 Nxe5 15.b4 Nxf3+
16.Rxf3 Qb6 17.Qf2 Qc6 18.Qe1 Qc4 19.a4 Rd6 20.Rc1 a5 21.Qf1 Rc6 22.b5 Qxf1+
23.Rfxf1 Rc4 24.Bf4 Rc8 25.Rfd1 e6 26.Kf2 b6 27.Bd2 Rxa4 28.Ra1 Rc4 29.Ke3 c5
30.bxc6 R8xc6 31.Rab1 Bh6+ 32.Ke2 Bxd2 33.Kxd2 Rxc3 34.Rg1 Rc2+ 35.Ke3 a4  0-1

[Event "11th European Senior"]
[Site "Courmayeur ITA"]
[Date "2011.04.07"]
[Round "2.11"]
[White "Werner,Cle"]
[Black "Laco,G"]
[Result "0-1"]
[WhiteElo "2353"]
[BlackElo "2128"]

1.e4 g6 2.d4 d6 3.Nc3 Bg7 4.Be3 c6 5.Be2 f5 6.Qd2 Nf6 7.Bh6 Bxh6 8.Qxh6 fxe4
9.h4 d5 10.h5 Rg8 11.hxg6 hxg6 12.O-O-O Bf5 13.Qg5 Be6 14.f3 Qd6 15.Rh4 exf3
16.Nxf3 Nbd7 17.Bd3 O-O-O 18.Ne5 Rg7 19.Rh6 Rdg8 20.Rxg6 Rxg6 21.Bxg6 Nf8
22.Re1 N6d7 23.Rf1 Nxe5 24.dxe5 Qd8 25.Rxf8 Qxf8 26.Qh5 Qf4+ 27.Kb1 Qf1+
28.Nd1 Rxg6 29.b3 Qxg2 30.Nc3 Qg4 31.Qh7 Rg7 32.Qh8+ Bg8 33.e6 Qd4 34.Kb2 b5
35.a3 a5  0-1

[Event "Telin International Open"]
[Site "Jakarta INA"]
[Date "2011.04.07"]
[Round "9.18"]
[White "Mahmud,S"]
[Black "Margana,A"]
[Result "1-0"]
[WhiteElo "2315"]
[BlackElo "2190"]

1.d4 g6 2.e4 Bg7 3.Nc3 d6 4.Be3 Nf6 5.f3 c6 6.Qd2 b5 7.h4 h5 8.Nh3 Bxh3 9.Rxh3 a5
10.Bd3 Qc7 11.O-O-O Nfd7 12.Kb1 a4 13.Ne2 Na6 14.g4 Rb8 15.gxh5 Rxh5 16.Ng3 Rh8
17.h5 c5 18.Qh2 cxd4 19.hxg6 Rxh3 20.Qxh3 dxe3 21.Qh7 Nf8 22.Qxg7 e6 23.e5 e2
24.Nxe2 d5 25.Nd4 Nb4 26.Bxb5+ Rxb5 27.Qxf7+ Qxf7 28.gxf7+ Kxf7 29.Nxb5 Ng6  1-0

[Event "Telin International Open"]
[Site "Jakarta INA"]
[Date "2011.04.07"]
[Round "9.32"]
[White "Sukandar,I"]
[Black "Febriana,N"]
[Result "1-0"]
[WhiteElo "2354"]
[BlackElo "1955"]

1.e4 g6 2.d4 Bg7 3.Nc3 d6 4.h3 Nf6 5.Nf3 c6 6.Bd3 O-O 7.O-O Qc7 8.Be3 b5
9.Ne2 Nbd7 10.Ng3 a6 11.Qd2 c5 12.c3 Bb7 13.Bh6 e5 14.d5 Rfe8 15.Bxg7 Kxg7
16.Qg5 Kf8 17.h4 Ng8 18.h5 Qd8 19.Qd2 c4 20.Bc2 Bc8 21.hxg6 hxg6 22.Ng5 Ndf6
23.f4 exf4 24.Rxf4 Ra7 25.Qf2 Rb7 26.Rf1 Qb6 27.Qxb6 Rxb6  1-0

[Event "Vorobets Memorial"]
[Site "Lviv UKR"]
[Date "2011.04.07"]
[Round "1"]
[White "Sop,S"]
[Black "Moliboga,V"]
[Result "0-1"]
[WhiteElo "1995"]
[BlackElo "2277"]

1.e4 g6 2.d4 Bg7 3.Nc3 d6 4.Nge2 e5 5.dxe5 Bxe5 6.Be3 Nc6 7.Qd2 Be6 8.O-O-O a6
9.Nd4 Nge7 10.Nxe6 fxe6 11.f4 Bg7 12.g3 Qd7 13.Bh3 O-O-O 14.Nd5 Kb8 15.Qd3 Nc8
16.Qb3 Rhe8 17.Rhe1 N8a7 18.Qa4 Nb5 19.Nb4 Nxb4 20.Qxb4 c5 21.Bxc5 Qc6 22.Bf2 e5
23.f5 Nd4 24.Bxd4 exd4 25.fxg6 hxg6 26.Bg2 Be5 27.Rd3 Rf8 28.Rf3 Rxf3 29.Bxf3 Rf8
30.Qb3 g5 31.Qd3 Qd7 32.Qe2 Qf7 33.Rf1 Qxa2 34.b3 Rc8 35.Bg4 Rc5 36.Rf8+ Ka7
37.Qd3 Qa1+ 38.Kd2 Qc3+ 39.Kd1 Ra5 40.Qd2 Ra1+ 41.Ke2 Qc7 42.Rg8 Ra2 43.Kd1  0-1

[Event "11th European Senior"]
[Site "Courmayeur ITA"]
[Date "2011.04.08"]
[Round "3.6"]
[White "Vikulov,A"]
[Black "Sinelnikov,I"]
[Result "1-0"]
[WhiteElo "2316"]
[BlackElo "2190"]

1.d4 g6 2.e4 Bg7 3.Nc3 d6 4.Be3 Nf6 5.f3 O-O 6.Qd2 e5 7.d5 c5 8.g4 h5 9.gxh5 Nxh5
10.O-O-O a6 11.Nge2 b5 12.Ng3 b4 13.Nce2 Nf4 14.Nxf4 exf4 15.Bxf4 Nd7 16.Bh6 Ne5
17.Bxg7 Kxg7 18.Be2 Qa5 19.Kb1 c4 20.f4 Ng4 21.Bxc4 Qc7 22.Qd4+ f6 23.Be2 a5
24.h3 Nh6 25.Rhg1 Kh7 26.f5 g5 27.Bh5 Ba6 28.Bg6+ Kg8 29.Rg2 a4 30.Nh5 Qe7
31.Qxb4 a3 32.b3 Rfc8 33.Qd4 Rf8 34.Rdg1 Bb5 35.h4 g4 36.Nf4 Qe5 37.Qxe5 fxe5
38.Ne6 Rfc8 39.Bh5 Rc3 40.Bxg4 Rac8 41.Be2+  1-0

[Event "11th European Senior"]
[Site "Courmayeur ITA"]
[Date "2011.04.08"]
[Round "3.23"]
[White "Barlocco,C"]
[Black "Catalfamo,Santo"]
[Result "1-0"]
[WhiteElo "2162"]
[BlackElo "1918"]

1.e4 d6 2.d4 g6 3.Nc3 Bg7 4.Bg5 h6 5.Bh4 Nf6 6.e5 dxe5 7.dxe5 Qxd1+ 8.Rxd1 Ng4
9.h3 Nxe5 10.Nd5 O-O 11.Nxc7 Nbc6 12.Nxa8 Bf5 13.Nc7 Bxc2 14.Rd2 Bf5 15.f4 g5
16.fxg5 Ng6 17.Nf3 Nb4 18.Be2 Nc2+ 19.Kf2 e5 20.gxh6 Bxh6 21.Bg5 Bg7 22.Bd1 Nb4
23.g4 Bd3 24.a3 Nc6 25.Rxd3 e4 26.Rb3 exf3 27.Bxf3 Nd4 28.Rxb7 Ne5 29.Bd5 Kh7
30.Rf1 f5 31.Kg2  1-0

[Event "11th European Senior"]
[Site "Courmayeur ITA"]
[Date "2011.04.09"]
[Round "4.13"]
[White "Rosino,A"]
[Black "Laco,G"]
[Result "1-0"]
[WhiteElo "2233"]
[BlackElo "2128"]

1.e4 g6 2.d4 d6 3.Nc3 Bg7 4.f4 c6 5.Nf3 f5 6.e5 d5 7.Be3 e6 8.Qd2 Bf8 9.Nd1 b5
10.Nf2 Be7 11.Nd3 a5 12.Be2 Nd7 13.O-O Qb6 14.b3 Ba6 15.a3 Nh6 16.h3 O-O
17.b4 axb4 18.axb4 Bb7 19.Nc5 Nxc5 20.dxc5 Qc7 21.Nd4 Rxa1 22.Rxa1 Bc8 23.Qc1 Bd7
24.Ra3 Rb8 25.Qa1 Nf7 26.Ra7 Rb7 27.Ra8+ Nd8 28.Nb3 Be8 29.c3 h6 30.Kh2 Kh7
31.Qa5 Qd7 32.Qa6 g5 33.g3 gxf4 34.Bxf4 Bg5 35.Bxg5 hxg5 36.Rxd8 Qxd8 37.Qxb7+ Kh6
38.Nd4 Bd7 39.Nxc6 Qe8 40.Nd4 f4 41.g4 f3 42.Bxf3 Bc8 43.Qc6 Bd7 44.Qd6 Qf7
45.c6 Bc8 46.Qd8  1-0

[Event "11th European Senior"]
[Site "Courmayeur ITA"]
[Date "2011.04.10"]
[Round "5.6"]
[White "Tseitlin,Ma"]
[Black "Sinelnikov,I"]
[Result "1-0"]
[WhiteElo "2420"]
[BlackElo "2190"]

1.e4 d6 2.d4 g6 3.Nc3 Bg7 4.Bg5 Nc6 5.Bb5 Bd7 6.Nge2 a6 7.Bxc6 Bxc6 8.Qd2 b5
9.Ng3 h6 10.Be3 Nf6 11.f3 h5 12.h4 b4 13.Nce2 Rb8 14.O-O Bb5 15.Rfc1 Nd7
16.c4 bxc3 17.Nxc3 Nb6 18.b3 Bd7 19.Rc2 e5 20.Bg5 f6 21.Be3 exd4 22.Bxd4 O-O
23.Rac1 c5 24.Bf2 Be6 25.Rd1 c4 26.b4 Nc8 27.Nd5 Kh7 28.Rxc4 Ne7 29.Rdc1 Bxd5
30.exd5 Rb5 31.Rc7 Rxd5 32.Qe2 Re5 33.Qxa6 g5 34.Nxh5 gxh4 35.Nxg7 Kxg7 36.Bxh4 d5
37.Bg3 Rg5 38.Rxe7+ Qxe7 39.Rc7  1-0

[Event "11th European Senior"]
[Site "Courmayeur ITA"]
[Date "2011.04.13"]
[Round "8.24"]
[White "Serra Olives,T"]
[Black "Theting,H"]
[Result "1-0"]
[WhiteElo "2208"]
[BlackElo "2016"]

1.e4 g6 2.d4 Bg7 3.Nc3 d6 4.Be3 Nd7 5.Qd2 c5 6.dxc5 Nxc5 7.Bxc5 dxc5 8.Qxd8+ Kxd8
9.O-O-O+ Kc7 10.Nd5+ Kb8 11.Bc4 e6 12.Ne3 Nf6 13.f3 Bh6 14.Kd2 Bd7 15.Ke2 Bc6
16.Kf2 b5 17.Be2 Kc7 18.g4 Rad8 19.Nh3 Nd7 20.Rd2 Nb6 21.Rhd1 Rxd2 22.Rxd2 f5
23.g5 Bg7 24.Nf4 Re8 25.exf5 gxf5 26.c3 a5 27.h4 b4 28.cxb4 axb4 29.Kg3 Bd4
30.Nc4 e5 31.Ng2 f4+ 32.Kg4 Bd7+ 33.Kh5 Bf5 34.Nxb6 Kxb6 35.Bc4 Re7 36.Re2 Rd7
37.Ne1 Rd6 38.Bd3 Bg6+ 39.Kh6 c4 40.h5 Bxh5+ 41.Kxh5 e4 42.Rxe4 c3 43.bxc3 bxc3
44.Rxf4 Bg7  1-0

[Event "ch-POR Youth U18"]
[Site "Torres Vedras POR"]
[Date "2011.04.13"]
[Round "6.3"]
[White "Mateus,F"]
[Black "Rodrigues,Ce"]
[Result "1-0"]
[WhiteElo "2066"]
[BlackElo "1882"]

1.e4 g6 2.d4 Bg7 3.Nc3 d6 4.Bc4 Nf6 5.Qe2 c6 6.e5 dxe5 7.dxe5 Nd5 8.Bd2 b5
9.Bxd5 cxd5 10.Qxb5+ Bd7 11.Qxd5 Qb6 12.Nf3 Bc6 13.Qc4 e6 14.Ne4 O-O 15.Nf6+ Kh8
16.Qh4 h5 17.Nxh5 gxh5 18.Qxh5+  1-0

[Event "Zagreb Open B"]
[Site "Zagreb CRO"]
[Date "2011.04.13"]
[Round "3.10"]
[White "Maslac,Z"]
[Black "Matic,Z"]
[Result "1/2-1/2"]
[WhiteElo "2114"]
[BlackElo "2200"]

1.e4 g6 2.d4 Bg7 3.Nc3 d6 4.Be3 a6 5.h3 b5 6.a3 Bb7 7.Nf3 Nd7 8.Qd2 Rc8 9.Be2 c5
10.O-O cxd4 11.Bxd4 Ngf6 12.Rad1 O-O 13.e5 dxe5 14.Bxe5 Nxe5 15.Qxd8 Rfxd8
16.Rxd8+ Rxd8 17.Nxe5 Ne4 18.Nxe4 Bxe5 19.Nc5 Rd2 20.Bd3 Bd5 21.Nxa6 Bxb2
22.Bxb5 Rxc2 23.Nb4 Rd2 24.Nxd5 Rxd5 25.a4  1/2-1/2

[Event "ch-SRB w 2011"]
[Site "Belgrade SRB"]
[Date "2011.04.16"]
[Round "6"]
[White "Panic,A"]
[Black "Dragojevic,Ma"]
[Result "0-1"]
[WhiteElo "1894"]
[BlackElo "1985"]

1.e4 d6 2.d4 g6 3.Nc3 Bg7 4.Be3 c6 5.Qd2 Qa5 6.h3 Nf6 7.Bd3 Na6 8.Nf3 Nb4
9.O-O Nxd3 10.cxd3 O-O 11.Nh2 e5 12.dxe5 dxe5 13.Rfd1 Be6 14.Bh6 Rad8 15.Nf3 Qc7
16.Bg5 Rd7 17.Qe3 Qa5 18.Rac1 Nh5 19.Bh6 Bxh6 20.Qxh6 f6 21.Qe3 c5 22.b3 Rfd8
23.Kh2 Nf4 24.Ne1 b6 25.Rc2 Qa6 26.Rcd2 Qb7 27.Ne2 Nh5 28.g3 Rf8 29.f4 exf4
30.Nxf4 Ng7 31.Nxe6 Nxe6 32.Nf3 Re7 33.Rg2 f5 34.e5 f4 35.gxf4 Nxf4 36.Rg3 Nh5
37.Rdg1 Nxg3 38.Rxg3 Ref7 39.Kg2 Re7 40.Kh2 Qd5 41.h4 Rd8 42.h5 Qxd3 43.Qh6 Rg7
44.Ng5 Qe2+ 45.Kh3 Qf1+  0-1

[Event "TCh-CZE 2010-11"]
[Site "Czech Rep CZE"]
[Date "2011.04.16"]
[Round "10.6"]
[White "Sosna,J"]
[Black "Butkiewicz,L"]
[Result "1-0"]
[WhiteElo "2396"]
[BlackElo "2408"]

1.d4 g6 2.e4 d6 3.Nc3 Bg7 4.Bc4 Nf6 5.Nf3 O-O 6.Qe2 c6 7.Bg5 b5 8.Bb3 b4
9.Nb1 a5 10.Nbd2 d5 11.a4 h6 12.Bxf6 exf6 13.O-O-O Re8 14.Rhe1 f5 15.Ne5 fxe4
16.Nxe4 Qc7 17.Qd2 Bxe5 18.dxe5 dxe4 19.Qxh6 Be6 20.Bxe6 Rxe6 21.Rxe4 g5
22.Qxg5+ Rg6 23.Rd8+ Kg7 24.Qh4 Rh6 25.Rg4+  1-0

[Event "TCh-CZE 2010-11"]
[Site "Czech Rep CZE"]
[Date "2011.04.16"]
[Round "10.8"]
[White "Mazur,Ste"]
[Black "Kubicek,A"]
[Result "0-1"]
[WhiteElo "2388"]
[BlackElo "2279"]

1.e4 g6 2.d4 Bg7 3.Nc3 d6 4.Be3 c6 5.f4 Qb6 6.Rb1 Nf6 7.h3 e5 8.Nf3 Nh5 9.fxe5 dxe5
10.Qd2 exd4 11.Nxd4 Qd8 12.Bc4 Nd7 13.O-O Ne5 14.Bb3 O-O 15.Rbd1 Qe7 16.Qf2 h6
17.Nf3 Nxf3+ 18.Qxf3 Be6 19.g4 Bxb3 20.axb3 Nf6 21.Bxh6 Bxh6 22.Qxf6 Qc5+
23.Kg2 Bg7 24.Qf3 Qe7 25.Rd3 Rad8 26.Rfd1 Rxd3 27.Qxd3 Re8 28.Qd7 Bxc3 29.Qxe7 Rxe7
30.bxc3 Rxe4 31.Kf3 Re7 32.h4 Kg7 33.c4 a5 34.Ra1 Re5 35.c3 f5 36.Rd1 fxg4+
37.Kxg4 Kh6 38.Kf4 Rc5 39.Kg4 a4 40.Rb1 axb3 41.Rxb3 Rxc4+ 42.Kf3 b5 43.Ke3 Kh5
44.Kd3 Kxh4 45.Rb1 g5 46.Rh1+ Kg3 47.Rg1+ Kf4 48.Rf1+ Ke5 49.Re1+ Kf5 50.Rf1+ Rf4
51.Rh1 g4 52.Rh5+ Kg6 53.Rh8 Kg5 54.Ke3 Rc4 55.Kd3 Rf4  0-1

[Event "Norsk Open A"]
[Site "Fagernes NOR"]
[Date "2011.04.17"]
[Round "6"]
[White "Barane,S"]
[Black "Webb,M"]
[Result "0-1"]
[WhiteElo "1823"]
[BlackElo "2062"]

1.e4 g6 2.d4 Bg7 3.Nc3 d6 4.Be3 a6 5.Qd2 Nd7 6.Bc4 e6 7.O-O-O b5 8.Bb3 Bb7
9.f3 Rc8 10.d5 e5 11.a4 Nc5 12.Bxc5 dxc5 13.Kb1 Qd7 14.Nh3 Nf6 15.Qe2 c4
16.Ba2 b4 17.Qxc4 bxc3 18.Qb4 Rb8 19.Bc4 Qd6 20.Qxc3 O-O 21.g4 Bc8 22.Qd3 Nd7
23.b3 Nc5 24.Qc3 Nxa4 25.Qa1 Qb4 26.Kc1 Nb6 27.Bd3 a5 28.Nf2 Bh6+  0-1

[Event "Norsk Open A"]
[Site "Fagernes NOR"]
[Date "2011.04.17"]
[Round "8"]
[White "Gholami,Armin"]
[Black "Pham,To"]
[Result "0-1"]
[WhiteElo "1797"]
[BlackElo "2086"]

1.e4 g6 2.d4 Bg7 3.Nc3 d6 4.f4 Nd7 5.Nf3 e6 6.Be3 Ne7 7.Be2 b6 8.h3 Bb7 9.g4 a6
10.Rg1 Nf6 11.Qd3 c5 12.dxc5 dxc5 13.O-O-O Qxd3 14.cxd3 O-O 15.f5 exf5 16.gxf5 Nd7
17.h4 Ne5 18.Nxe5 Bxe5 19.Bh6 Rfd8 20.h5 b5 21.hxg6 hxg6 22.Bg5 f6 23.Be3 Bd4
24.Kd2 Bxe3+ 25.Kxe3 g5 26.Bg4 Kg7 27.Ne2 Nc6 28.d4 cxd4+ 29.Nxd4 Nxd4 30.Rxd4 Rxd4
31.Kxd4 Rc8 32.Kd3 a5 33.Rd1 Kf7 34.Ke3 Rc7 35.Rh1 Ke7 36.Rh7+ Kd6 37.Rxc7 Kxc7
38.Kd4 Kd6 39.a3 b4 40.axb4 axb4 41.Bf3 Ba6 42.Bg4 Bf1 43.b3 Bg2 44.Bd1 Bh3
45.Ke3 Ke5 46.Kf3 g4+ 47.Kg3 Kxe4 48.Bc2+ Kd4 49.Kh4 Kc3 50.Bd1 Kd3 51.Kg3 Ke3
52.Bc2 Bf1 53.Kxg4 Be2+ 54.Kg3 Bd3 55.Bd1 Bxf5 56.Bh5 Bd3 57.Kg2 f5 58.Kh3 f4
59.Kg2 Be2  0-1

[Event "Branko Vukmanovic Mem Open"]
[Site "Tivat MNE"]
[Date "2011.04.17"]
[Round "2.23"]
[White "Blagojevic,Tijana"]
[Black "Scekic,V"]
[Result "0-1"]
[WhiteElo "1773"]
[BlackElo "2150"]

1.e4 d6 2.d4 g6 3.Nc3 Bg7 4.Be3 Nc6 5.f4 Nf6 6.Nf3 O-O 7.Bc4 Nxe4 8.Nxe4 d5
9.Bd3 dxe4 10.Bxe4 Be6 11.d5 f5 12.Ng5 Bc8 13.dxc6 fxe4 14.Qxd8 Rxd8 15.cxb7 Bxb7
16.Ne6 Rd6 17.Nxg7 Kxg7 18.O-O Rad8 19.f5 Ba6 20.Bc5 Bxf1 21.Bxd6 Rxd6 22.Rxf1 Rd2
23.fxg6 Kxg6 24.Rf4 e3 25.Rf3 Rd1+  0-1

[Event "Branko Vukmanovic Mem Open"]
[Site "Tivat MNE"]
[Date "2011.04.17"]
[Round "2.20"]
[White "Karisik,N"]
[Black "Popadic,Dr"]
[Result "1-0"]
[WhiteElo "2015"]
[BlackElo "2245"]

1.d4 d6 2.e4 g6 3.Nc3 Bg7 4.Be3 c6 5.Qd2 b5 6.O-O-O Nf6 7.f3 Qa5 8.Kb1 O-O
9.Bh6 b4 10.Nce2 e5 11.h4 Be6 12.Nc1 Re8 13.Bxg7 Kxg7 14.h5 Ng8 15.g4 Qc7
16.Nh3 c5 17.dxe5 dxe5 18.Ng5 h6 19.Nxe6+ Rxe6 20.Bc4 Rf6 21.hxg6 Rxg6 22.Bd5 Nc6
23.Bxc6 Qxc6 24.Ne2 Re8 25.Ng3 c4 26.Nf5+ Kh7 27.Qxb4 Qc7 28.Qd2 c3 29.Qd7 Rc8
30.Qxc7 Rxc7 31.Rd3 cxb2 32.Rhd1 Rgc6 33.R1d2 Ne7 34.Nxe7 Rxe7 35.Rd7 Rc7
36.Rxe7 Rxe7 37.c4 Rc7 38.Rc2 Kg6 39.c5 Kf6 40.Kxb2 Ke6 41.Kb3 Rd7 42.c6 Rc7
43.Kb4 Kd6 44.Kb5 Re7 45.Rd2+ Kc7 46.Kc5  1-0

[Event "34th Open"]
[Site "Donostia ESP"]
[Date "2011.04.18"]
[Round "3"]
[White "Garro Beraza,J"]
[Black "Lillo Ferrer,J"]
[Result "1-0"]
[WhiteElo "1889"]
[BlackElo "2151"]

1.e4 g6 2.d4 Bg7 3.Nc3 d6 4.g3 Nf6 5.Bg2 O-O 6.Nge2 Nbd7 7.O-O Rb8 8.a4 c5
9.h3 b6 10.Be3 a6 11.Qd2 Re8 12.Rad1 Qc7 13.f4 cxd4 14.Nxd4 Bb7 15.Nd5 Qd8
16.Qf2 e6 17.Nxf6+ Qxf6 18.Nb3 Qe7 19.c3 b5 20.axb5 axb5 21.Ra1 Nf6 22.Nd2 Ra8
23.Bd4 Nd7 24.Bxg7 Kxg7 25.Nb3 Nf6 26.Qd2 Bc6 27.Nd4 Qb7 28.Nxc6 Qxc6 29.Kh2 Nd7
30.Rxa8 Rxa8 31.f5 Rf8 32.e5 d5 33.f6+ Kh8 34.Qe3 Qc5 35.Qh6 Rg8 36.h4 Nxe5
37.Rf4 Qf8 38.Qg5 Nd7 39.Rf1 Qc5 40.Qf4 e5 41.Qg5 e4  1-0

[Event "Branko Vukmanovic Mem Open"]
[Site "Tivat MNE"]
[Date "2011.04.18"]
[Round "3.15"]
[White "Mazi,L"]
[Black "Kosoric,L"]
[Result "1/2-1/2"]
[WhiteElo "2368"]
[BlackElo "2103"]

1.e4 d6 2.d4 g6 3.Nc3 Bg7 4.Be3 Nf6 5.Qd2 c6 6.Nf3 O-O 7.h3 Qa5 8.Bd3 Nbd7
9.O-O e5 10.Rfe1 Re8 11.Rad1 Nf8 12.a3 Qc7 13.Bh6 Ne6 14.Bxg7 Kxg7 15.Ne2 Nh5
16.Qc3 Nef4 17.Nxf4 Nxf4 18.Bf1 Qe7 19.Rd2 g5 20.Re3 Ng6 21.Be2 h5 22.Kf1 Qf6
23.Ke1 g4 24.Ng1 Nf4 25.Bf1 d5 26.dxe5 Rxe5 27.hxg4 hxg4 28.exd5 Rxe3+ 29.Qxe3 Nxd5
30.Qd4 Bf5 31.Kd1 Re8 32.Ne2 Re4 33.Qxf6+ Kxf6 34.Ng3 Re7 35.Nxf5 Kxf5 36.g3 Ke5
37.Bg2 Rd7 38.Ke2 Nf6 39.Rxd7 Nxd7 40.Ke3 Nc5 41.b3 f5 42.Bf1 Ne4 43.a4 a5
44.Bd3 Ng5 45.Bf1 Ne6 46.Be2 Nd4 47.Bd1 Ne6 48.Be2 Nc7 49.f4+ gxf3 50.Bxf3 Ne6
51.Bd1 Nc5 52.Bf3 Ne6 53.Kd3 Nd4 54.Bd1 b5 55.c3 Ne6 56.b4 axb4 57.cxb4 bxa4
58.Bxa4 Kd6 59.Kc4 Nc7 60.Bc2 Nd5 61.Bd3 Nb6+ 62.Kd4 Nd5 63.Kc4 Nb6+ 64.Kd4  1/2-1/2

[Event "XXV Catalunya Open"]
[Site "Barcelona ESP"]
[Date "2011.04.19"]
[Round "4"]
[White "Ramirez Garcia,J"]
[Black "Fabregas Fontanet,A"]
[Result "1-0"]
[WhiteElo "2264"]
[BlackElo "2027"]

1.e4 g6 2.d4 Bg7 3.Nc3 d6 4.Be3 Nf6 5.h3 c6 6.g4 Qa5 7.Bg2 Nbd7 8.Ne2 Nb6
9.b3 h5 10.g5 Nh7 11.f4 c5 12.O-O cxd4 13.Bxd4 e5 14.b4 Qxb4 15.Rb1 Qc4 16.Nb5 O-O
17.Nxd6 Qc6 18.fxe5 Nxg5 19.Nf4 Be6 20.Kh1 Qd7 21.h4 Bg4 22.Qd3 Ne6 23.c3 Nxf4
24.Rxf4 Qe7 25.Qg3 Be6 26.a4 Rab8 27.a5 Nd7 28.Nf5 Qd8 29.Nxg7 Kxg7 30.Bxa7 Ra8
31.Rxb7 Qc8 32.a6 Qc6 33.Bf1 Rfc8 34.Bd4 Kh7 35.Qg5 Re8 36.Bb5 Qc8 37.Bxd7  1-0

[Event "ch-SRB w 2011"]
[Site "Belgrade SRB"]
[Date "2011.04.19"]
[Round "8"]
[White "Drljevic,L"]
[Black "Rakic,Ma"]
[Result "1-0"]
[WhiteElo "2295"]
[BlackElo "2309"]

1.e4 g6 2.d4 Bg7 3.Nc3 d6 4.Be3 a6 5.h4 h5 6.f3 b5 7.Nh3 Nd7 8.Ng5 Bb7 9.Qd2 Nb6
10.Bd3 e5 11.dxe5 dxe5 12.O-O-O Qe7 13.Qf2 Nd7 14.g4 Ngf6 15.gxh5 Rxh5 16.Ne2 O-O-O
17.Nc3 Rhh8 18.a4 b4 19.Nd5 Nxd5 20.exd5 Nf6 21.d6 cxd6 22.Qe2 Nd5 23.Bxa6 Nxe3
24.Bxb7+ Qxb7 25.Qxe3 f6 26.Ne6 Bh6 27.f4 Rd7 28.Rh3 Re8 29.Qb3 Bxf4+ 30.Kb1 Kb8
31.Rhd3 Qc6 32.Rc3 Qb6 33.Rc4 Rb7 34.Nc7 Rc8 35.Nd5 Qa5 36.Rxb4 Rxb4 37.Nxb4 Qb6
38.a5 Qe3 39.Nd3+ Kc7 40.Qf7+ Kb8 41.Nb4 Qf3 42.Rd3 Qf1+ 43.Ka2 Rxc2 44.Rb3  1-0

[Event "34th Open"]
[Site "Donostia ESP"]
[Date "2011.04.19"]
[Round "4"]
[White "Starostits,I"]
[Black "Piasetski,L"]
[Result "1-0"]
[WhiteElo "2486"]
[BlackElo "2299"]

1.e4 g6 2.d4 Bg7 3.Nc3 d6 4.Be3 a6 5.a4 b6 6.Bc4 e6 7.f4 Ne7 8.Bd3 Nbc6 9.Nf3 Nb4
10.Be2 Bb7 11.O-O Qd7 12.a5 b5 13.Qd2 f5 14.d5 exd5 15.Bd4 dxe4 16.Bxg7 Rg8
17.Bf6 exf3 18.Bxf3 Bxf3 19.Rae1 Be4 20.Nxe4 fxe4 21.Rxe4 Nc6 22.Qd5 Kf8
23.Bxe7+ Nxe7 24.Qxa8+ Kf7 25.Qxa6 Qf5 26.Rfe1 Qc5+ 27.Kh1 Nf5 28.b4  1-0

[Event "Branko Vukmanovic Mem Open"]
[Site "Tivat MNE"]
[Date "2011.04.19"]
[Round "4.24"]
[White "Blagojevic,Tijana"]
[Black "Sente,D"]
[Result "0-1"]
[WhiteElo "1773"]
[BlackElo "2049"]

1.e4 d6 2.d4 g6 3.Nc3 Bg7 4.Be3 c6 5.Nf3 Nf6 6.Be2 b5 7.a3 a6 8.O-O O-O 9.Qd2 Bb7
10.Bh6 c5 11.Bxg7 Kxg7 12.e5 dxe5 13.dxe5 Ne4 14.Qe3 Nxc3 15.Qxc3 Qb6 16.Rad1 b4
17.Qc4 a5 18.Qh4 Bxf3 19.Bxf3 Ra7 20.Qc4 Rd7 21.Bg4 Rxd1 22.Rxd1 Nc6 23.Rd5 bxa3
24.bxa3 Rd8 25.Rxd8 Nxd8 26.h3 Nc6 27.Qd5 h5 28.Bf3 Nd4 29.Qd7 Qb1+ 30.Kh2 Qxc2
31.Bd5 e6 32.Bb7 Qxf2 33.Qd6 Ne2 34.Qd1 Qf4+ 35.Kh1 Ng3+ 36.Kg1 Qe3+ 37.Kh2 Qxe5
38.Kg1 Qd4+ 39.Qxd4+ cxd4 40.Kf2 Nf5 41.Kf3 Nd6 42.Bc6 e5 43.a4 f5 44.h4 Kf6  0-1

[Event "CCF Easter IM Norm"]
[Site "Coulsdon ENG"]
[Date "2011.04.20"]
[Round "6"]
[White "Hagen,Andr"]
[Black "Rudd,J"]
[Result "1-0"]
[WhiteElo "2290"]
[BlackElo "2295"]

1.e4 d6 2.d4 g6 3.Nc3 Bg7 4.f4 Nf6 5.Nf3 O-O 6.Bd3 c6 7.O-O Nbd7 8.e5 dxe5
9.fxe5 Nd5 10.Nxd5 cxd5 11.Kh1 f6 12.exf6 exf6 13.c3 f5 14.Bg5 Qb6 15.Qd2 Nf6
16.Bxf6 Bxf6 17.Ne5 Bxe5 18.dxe5 Be6 19.Rf4 Rad8 20.Rd4 Qc7 21.Re1 Qg7 22.Bc2 Rd7
23.Ba4 Rdf7 24.Bb3 f4 25.Bxd5 Bxd5 26.Rxd5 f3 27.gxf3 Rxf3 28.Rd7 Rf1+ 29.Rxf1 Rxf1+
30.Kg2 Qf8 31.Qd5+ Kh8 32.Rd8 Rf2+ 33.Kg3 Rf3+ 34.Qxf3 Qxd8 35.Qf6+  1-0

[Event "34th Open"]
[Site "Donostia ESP"]
[Date "2011.04.20"]
[Round "5"]
[White "Richet,Clement"]
[Black "Lillo Ferrer,J"]
[Result "0-1"]
[WhiteElo "1901"]
[BlackElo "2151"]

1.d4 d6 2.e4 g6 3.Nc3 Bg7 4.f4 a6 5.Nf3 b5 6.Bd3 Nd7 7.Be3 Bb7 8.O-O c5 9.e5 cxd4
10.Bxd4 dxe5 11.fxe5 Nh6 12.e6 Bxd4+ 13.Nxd4 Nf6 14.exf7+ Nxf7 15.Kh1 Qb6
16.Nf3 O-O 17.Qe2 Rae8 18.a4 e5 19.Ne4 Nd5 20.Qf2 Qxf2 21.Rxf2 b4 22.Nc5 Bc6
23.Bxa6 Nd6 24.Rd2 e4 25.Nd4 e3 26.Rdd1 Ba8 27.Ne2 Rf2 28.Kg1 Nc7 29.Rxd6 Nxa6
30.Ne6 Rxe2 31.Rxa6 Rxg2+  0-1

[Event "34th Open"]
[Site "Donostia ESP"]
[Date "2011.04.20"]
[Round "5"]
[White "Fernandez Zubitur,J"]
[Black "Pastor Pons,P"]
[Result "0-1"]
[WhiteElo "1935"]
[BlackElo "2156"]

1.e4 g6 2.d4 Bg7 3.Nc3 d6 4.Be3 c6 5.Qd2 h6 6.h4 Nf6 7.f3 b5 8.g4 Nfd7 9.Nh3 Nb6
10.a3 a6 11.Nf4 e6 12.b3 N8d7 13.Be2 Qc7 14.Rd1 Bb7 15.Nd3 O-O-O 16.a4 h5
17.axb5 cxb5 18.Nb4 Nb8 19.Bxb5 axb5 20.Nxb5 Qd7 21.Na7+ Kc7 22.Qc3+ Bc6
23.Ra1 Kb7 24.Naxc6 Nxc6 25.Nxc6 Ra8 26.Rxa8 Rxa8 27.Na5+ Kb8 28.Qb4 Qc7
29.Kd2 Rxa5 30.c4 Ra2+ 31.Kd3 Kc8 32.Rc1 Nd7 33.gxh5 gxh5 34.Rg1 Bf8 35.Rg8 Qb7
36.Qxb7+ Kxb7 37.Rh8 Rb2 38.Kc3 Rh2 39.Rxh5 Rh3 40.Kd3 Rxf3 41.Ke2 Rg3 42.Rh7 Rg7
43.Rh8 Be7 44.h5 Nf8 45.Bh6 Rh7 46.Rxf8 Bxf8 47.Bxf8 Rxh5 48.Bxd6 Rh3 49.b4 Rc3
50.e5 Rxc4 51.Kd3 Rc1 52.Bc5 Kc6 53.Ke4 Re1+ 54.Kd3 Kb5 55.Kc3 Re3+ 56.Kd2 Rh3
57.Ke2 Kc4 58.Kd2 Rd3+ 59.Kc2 Rf3 60.Kd2 Ra3 61.Ke2 Rb3 62.Kd2 Rd3+ 63.Kc2 Rxd4
64.Bxd4 Kxd4 65.Kb3 Kxe5 66.Ka4 Kd6 67.Ka5 Kc7 68.Ka6 Kb8  0-1